Biblioteca

Los pueblos no alcanzados y las religiones del mundo / Doris Hernández Torres (Registro nro. 44620)

Detalles MARC
000 -LÍDER
Campo fijo de descripción fija 008300000a22002050004500
041 0# - CÓDIGO DE IDIOMA
Código de idioma para texto/pista de sonido o título separado
082 04 - NÚMERO DE CLASIFICACIÓN DECIMAL DEWEY
Número de clasificación G 266 H558p
001 - NÚMERO DE CONTROL
Campo de control 18142
100 1# - ASIENTO PRINCIPAL--NOMBRE PERSONAL
Nombre personal Hernández Torres, Doris
245 10 - TÍTULO
Título del Material Los pueblos no alcanzados y las religiones del mundo / Doris Hernández Torres
260 ## - PUBLICACIÓN, DISTRIBUCIÓN, ETC. (PIE DE IMPRENTA)
Lugar de publicación, distribución, etc. Colombia : Doris Hernández Torres
300 ## - DESCRIPCIÓN FÍSICA
Extensión 96 páginas / Incluye fotografías a blanco y negro
336 ## - CONTENT TYPE
Content type term texto
Content type code txt
Source rdacontent
337 ## - MEDIA TYPE
Source rdamedia
Media type term sin mediación
Media type code n
338 ## - CARRIER TYPE
Source rdacarrier
Carrier type term volumen
Carrier type code nc
501 ## - NOTA DE “CON”
Nota de Contenido rústico
505 00 - NOTA DE CONTENIDO
Nota de contenido con formato preestablecido Introducción -- Testimonio de la autora - Dedicatoria - Definición de términos -- Prólogo -- El Islam -- Las religiones aborígenes o de grupos autóctonos - El Hinduismo -- Religiones de China -- El Sintoísmo -- El Budismo
650 14 - ASIENTO SECUNDARIO DE MATERIA - TERMINO TEMÁTICO
Término temático o nombre geográfico como elemento de entrada MISIONES \ MISIONOLOGIA
942 ## - TIPO DE MATERIAL (KOHA)
Tipo de Item KOHA Libros General
Existencias
Estado de Material Estado de Perdido Estado de Dañado No para Préstamo Colección Tomo Biblioteca de Origen Biblioteca Permanente Fecha de Adquisición Total de Préstamos Total de Renovaciones Signatura Topográfica Código de Barras Última vez visto Última vez Préstado Ejemplar/Existencia Fecha de Remplazo Tipo de Material
        Colección General   Biblioteca FUSBC Biblioteca FUSBC 22/03/2014 3 2 G 266 H558p 18129 03/06/2023 17/04/2023 2016-12-02 26/01/2016 Libros General

Biblioteca FUSBC | Teléfono: (57+4) 349 88 10 Ext. 141| WhatsApp (+57) 3005338115 
E-mail: biblioteca@unisbc.edu.co | Calle 76 87-14 Robledo Palenque, Medellín, Colombia

Con tecnología Koha